| 000 | 00896nam a2200265 i 4500 | ||
|---|---|---|---|
| 001 | bg | ||
| 100 | 1 | _aBUKOWSKI, Lech | |
| 245 | 1 | 0 |
_aNiezawodność maszyn i urządzeń hutniczych / _cLech Bukowski, Marian Warszyński. |
| 260 |
_aKraków : _bAkademia Górniczo-Hutnicza, _c1994. |
||
| 300 |
_a267 s. : _b1 fot., rys., wykr. ; _c23 cm. |
||
| 504 | _aBibliogr. s. 261-267. | ||
| 650 | 9 |
_aNiezawodność urządzeń _xmetalurgia |
|
| 650 | 9 |
_aMetalurgia _xnarzędzia i maszyny _xbudowa i konstrukcje |
|
| 650 | 9 |
_aRachunek prawdopodobieństwa _xstosowanie _xprzemysł |
|
| 650 | 9 | _aWytrzymałość materiałów | |
| 655 | _aPodręczniki akademickie | ||
| 700 | 1 | _aWARSZYŃSKI, Marian | |
| 020 | _a8386207019 | ||
| 040 | _cBPK | ||
| 041 | 0 | _apl | |
| 080 | _a621.01.004::669:539.3/.6:519.2](075.8) | ||
| 920 | _a83-86207-01-9 | ||
| 942 | _cKS | ||
| 008 | s pl f |000 0 pol | ||
| 999 |
_c36972 _d36972 |
||
| 856 |
_uhttp://koha.tu.koszalin.pl/cgi-bin/koha/opac-detail.pl?biblionumber=36972 _yKatalog online BPK |
||